| 000 | 00540nam a2200169 4500 | ||
|---|---|---|---|
| 008 | 011211s1987 us engYA | ||
| 020 | _a0802422276 | ||
| 090 |
_aPZ 7 _bT21s |
||
| 100 | 1 | _aTaylor, Kenneth W. | |
| 245 | 1 | 0 |
_aStories for the children's hours / _cKenneth W. Taylor. |
| 260 |
_aChicago : _bMoody Press, _cc1987. |
||
| 300 |
_a208 p. : _bills. |
||
| 650 | 4 | _aChildren's stories, American. | |
| 650 | 4 |
_aChristian life _xFiction. |
|
| 650 | 4 | _aShort stories. | |
| 951 |
_p24272 _x00010475 _oPZ 7/T21s _j070613111026515 _d2000-12-21 _cGC |
||
| 999 |
_c5331 _d5331 |
||